Lịch sử địa danh hành chính tỉnh Vĩnh Long
Lịch sử địa danh hành chính tỉnh Vĩnh Long gồm các phường thuộc tỉnh Vĩnh Long, Huyện Long Hồ, Huyện Mang Thít, Huyện Tam Bình, Huyện Vũng Liêm, Huyện Trà Ôn, Thị Xã Bình Minh, Huyện Bình Tân.
Kaydedildi:
| Yazar: | |
|---|---|
| Materyal Türü: | Kitap |
| Dil: | Undetermined |
| Baskı/Yayın Bilgisi: |
H.
Thuận Hóa
2020
|
| Konular: | |
| Online Erişim: | http://lrc.tdmu.edu.vn/opac/search/detail.asp?aID=2&ID=41679 |
| Etiketler: |
Etiketle
Etiket eklenmemiş, İlk siz ekleyin!
|
| Thư viện lưu trữ: | Trung tâm Học liệu Trường Đại học Thủ Dầu Một |
|---|
| LEADER | 00928nam a2200205Ia 4500 | ||
|---|---|---|---|
| 001 | TDMU_41679 | ||
| 008 | 210410s9999 xx 000 0 und d | ||
| 082 | |a 120 | ||
| 090 | |b TR121 | ||
| 100 | |a Trần, Thành Trung | ||
| 245 | 0 | |a Lịch sử địa danh hành chính tỉnh Vĩnh Long | |
| 245 | 0 | |c Trần Thành Trung | |
| 260 | |a H. | ||
| 260 | |b Thuận Hóa | ||
| 260 | |c 2020 | ||
| 300 | |a 671tr. | ||
| 520 | |a Lịch sử địa danh hành chính tỉnh Vĩnh Long gồm các phường thuộc tỉnh Vĩnh Long, Huyện Long Hồ, Huyện Mang Thít, Huyện Tam Bình, Huyện Vũng Liêm, Huyện Trà Ôn, Thị Xã Bình Minh, Huyện Bình Tân. | ||
| 650 | |a Lịch sử địa danh |z Vĩnh Long (Việt Nam) | ||
| 856 | |u http://lrc.tdmu.edu.vn/opac/search/detail.asp?aID=2&ID=41679 | ||
| 980 | |a Trung tâm Học liệu Trường Đại học Thủ Dầu Một | ||